书目信息

书名: 观赏花卉杂交技术 
作者: 周振和 主编
出版信息: 延吉   延边人民出版社  2009
开本页数: 19cm  120页
丛书名: 农村高科技实用技术
单 册:
中图分类: S68
科图分类:
主题词: 花卉--杂交育种 , 杂交育种 , 花卉
电子资源:
ISBN: 978-7-5449-0532-9
000 00934oam2 2200289 45
001 1479
005 20091117093305.0
010    @a978-7-5449-0532-9@dCNY15.60
100    @a20091125d2009 ekmy0chiy0120 ea
101 @achi
102    @aCN@b220000
105    @ay z 000yy
106    @ar
200 @a观赏花卉杂交技术@AGuan Shang Hua Hui Za Jiao Ji Shu@f周振和主编@FZhou Zhen He Zhu Bian
210    @a延吉@c延边人民出版社@d2009
215    @a120页@d19cm
225 @a农村高科技实用技术
330    @a本书主要由基因技术在植物上的应用,花卉杂交技术,杂交花卉一览等三章内容组成,具体包括:植物转基因技术的三要素,花卉分类,花卉的繁殖要点,我国花卉育种的现状等。
461  0 @12001 @a农村高科技实用技术
606 @a花卉@x杂交育种
606 @a杂交育种
606 @a花卉
690    @aS68@v4
701  0 @a周振和@AZhou Zhen He@4主编
801  0 @aCN@bBJHZTJ@c20091201
905    @dS68@e219 @f10
999    @a
    
    观赏花卉杂交技术/周振和主编.-延吉:延边人民出版社,2009
    120页;19cm.-(农村高科技实用技术)
    
    
    ISBN 978-7-5449-0532-9:CNY15.60
    本书主要由基因技术在植物上的应用,花卉杂交技术,杂交花卉一览等三章内容组成,具体包括:植物转基因技术的三要素,花卉分类,花卉的繁殖要点,我国花卉育种的现状等。
相关链接 在五车中查询图书 在当当中查询图书 在豆瓣中查询图书


正题名:观赏花卉杂交技术     索取号:S68/219         预约/预借

序号 登录号 条形码 馆藏地/架位号 状态 备注
1 281930   300281930   海科密-1楼/45架5列6层/ [索取号:S68/219] 在馆    
2 281931   300281931   海科密-1楼/45架5列6层/ [索取号:S68/219] 在馆    
3 281932   300281932   海科密-1楼/45架5列6层/ [索取号:S68/219] 在馆    
4 281933   300281933   海科密-1楼/45架5列6层/ [索取号:S68/219] 在馆    
5 281934   300281934   海科密-1楼/45架5列6层/ [索取号:S68/219] 在馆    
6 281935   300281935   海科密-1楼/45架5列6层/ [索取号:S68/219] 在馆    
7 281936   300281936   海科密-1楼/45架5列6层/ [索取号:S68/219] 在馆    
8 281937   300281937   柳城-4楼/21架10列1层/ [索取号:S68/219] 在馆    
9 281938   300281938   柳城-4楼/21架10列1层/ [索取号:S68/219] 在馆    
10 281939   300281939   海科密-1楼/45架5列6层/ [索取号:S68/219] 在馆    
11 383230   300383230   海科密-1楼/45架5列6层/ [索取号:S68/219] 在馆    
12 383231   300383231   海科密-1楼/45架5列6层/ [索取号:S68/219] 在馆    
13 383232   300383232   海科密-1楼/45架5列6层/ [索取号:S68/219] 在馆    
14 383233   300383233   柳城-4楼/21架10列1层/ [索取号:S68/219] 在馆    
15 383234   300383234   海科密-1楼/45架5列6层/ [索取号:S68/219] 在馆    
16 383235   300383235   海科密-1楼/45架5列6层/ [索取号:S68/219] 在馆    
17 383236   300383236   海科密-1楼/45架5列6层/ [索取号:S68/219] 在馆    
18 383237   300383237   海科密-1楼/45架5列6层/ [索取号:S68/219] 在馆    
19 383238   300383238   海科密-1楼/45架5列6层/ [索取号:S68/219] 在馆    
20 383239   300383239   海科密-1楼/45架5列6层/ [索取号:S68/219] 在馆